000 00427nmm a2200157Ia 4500
008 251105s9999||||xx |||||||||||||||||und||
020 _a9788497434751
041 _aspa
100 _aTorras, Carme
245 0 _aLa mutación sentimental
264 _a[Madrid, España] :
_bMilenio,
_c2013
300 _a292 páginas
650 _aSpanish narrative
856 _uhttps://public.digitaliapublishing.com/a/21262
942 _cCF
999 _c90531
_d90531